000 00617nam a2200205Ia 4500
005 20250923145239.0
008 008 250917s9999 xx 000 0 eng d
037 _aTextual
040 _aDSWL
_beng
_cDSWL
041 _aeng
_2eng
084 _aX8(J)x212,N60<-MY, N70
_qDSWL
100 _aVarghese, T.C.
_9833333
245 0 _aAgrarian change and economic consequences
_cby T.C. Varghese
260 _aBombay
_bAllied Publiers
_c1970
300 _av,105p.
365 _aINR
_b24.00
925 _g24.00
942 _cTEXL
_hX8(J)x212,N60<-MY, N70
999 _c1448935
_d1448935